Score 0/26 Timer 12:00
1 Play Today
% Correct
Bugs Bunny
99%
Mickey Mouse
98.6%
Spider-Man
97.1%
Mystery Inc (Scooby-Doo)
97.1%
The Simpsons
97%
Winnie the Pooh
96.1%
Batman
96%
SpongeBob SquarePants
95.6%
The Smurfs
95.3%
Donald Duck and Daisy Duck
95.1%
Superman
94.5%
Goofy
94.1%
Tom and Jerry
94%
% Correct
Baloo the Bear and King Louie (The Jungle Book)
94%
Daffy Duck
93.9%
Garfield and Odie
93.8%
Snoopy
93.7%
Peter Griffin (Family Guy)
92.8%
Chip and Dale
91.7%
The Flash
90.2%
Gru (Despicable Me)
87.8%
Bender Bending Rodriguez (Futurama)
86.1%
American Dad
84.4%
Johnny Bravo and Cartoon Network
77.4%
Dexter and Dee Dee
77%
Cosmo and Wanda (Fairly Oddparents)
71.4%
Remove Ads.
Support Sporcle.
Get the best of Sporcle when you Go Orange. This ad-free experience offers more features, more stats, and more fun while also helping to support Sporcle. Thank you for becoming a member.

You're not logged in!

Compare scores with friends on all Sporcle quizzes.
OR
Log In

Show Comments

Extras

Top Quizzes Today


Score Distribution

Your Account Isn't Verified!

In order to create a playlist on Sporcle, you need to verify the email address you used during registration. Go to your Sporcle Settings to finish the process.

Report this User

Report this user for behavior that violates our Community Guidelines.

Details: